Fr. Conceicao Rodrigues College of Engineering

Datacommunication and networking (Record no. 32003)

MARC details
000 -LEADER
fixed length control field 00358nam a2200169Ia 4500
082 ## - DEWEY DECIMAL CLASSIFICATION NUMBER
Classification number 4.65
Item number FOR
100 ## - MAIN ENTRY--PERSONAL NAME
Personal name Forouzan/B.A
250 ## - EDITION STATEMENT
Edition statement 5
245 ## - TITLE STATEMENT
Title Datacommunication and networking
260 ## - PUBLICATION, DISTRIBUTION, ETC.
Name of publisher, distributor, etc. McGraw Hill
Date of publication, distribution, etc. 2013
366 ## - TRADE AVAILABILITY INFORMATION
Publishers's discount category 20
300 ## - PHYSICAL DESCRIPTION
Extent 1226
546 ## - LANGUAGE NOTE
Language note ENGLISH
650 ## - SUBJECT ADDED ENTRY--TOPICAL TERM
Topical term or geographic name entry element communication and networking
942 ## - ADDED ENTRY ELEMENTS (KOHA)
Koha item type BOOK
Holdings
Withdrawn status Lost status Damaged status Not for loan Collection Home library Current library Date acquired Source of acquisition Cost, normal purchase price Inventory number Total Checkouts Full call number Barcode Date last seen Date last checked out Cost, replacement price Price effective from Koha item type Total Renewals
        CRC Fr. Agnel's C.Rodrigues College of Engineering AGNEL TECHNICAL COLLEGE LIBRARY 17/03/2023 Shroff Publishers 580.00 00797 dt 04.07.2018 6 4.65 FOR 25309 14/05/2025 29/04/2025 725.00   BOOK  
        CRC Fr. Agnel's C.Rodrigues College of Engineering Fr. Agnel's C.Rodrigues College of Engineering 17/03/2023 Shroff Publishers 580.00 00797 dt 04.07.2018   4.65 FOR 25310 17/03/2023   725.00   BOOK  
        CRC Fr. Agnel's C.Rodrigues College of Engineering Fr. Agnel's C.Rodrigues College of Engineering 17/03/2023 Shroff Publishers 580.00 01295 dt 02.08.2018 1 4.65 FOR 25344 17/10/2025 13/08/2025 725.00   BOOK 1
        CRC Fr. Agnel's C.Rodrigues College of Engineering Fr. Agnel's C.Rodrigues College of Engineering 17/03/2023 Shroff Publishers 580.00 01295 dt 02.08.2018 2 4.65 FOR 25345 13/12/2023 10/10/2023 725.00   BOOK  
        CRC Fr. Agnel's C.Rodrigues College of Engineering Fr. Agnel's C.Rodrigues- College of Engineering 17/03/2023 Shroff Publishers 580.00 01295 dt 02.08.2018   4.65 FOR 25343 28/05/2025   725.00   BOOK